000 00601 a2200205 4500
005 20260509105753.0
008 260505b |||||||| |||| 00| 0 eng d
020 _a9789360608488
_cRs. 350.00
040 _aMAIN
082 _a358.424
_bM474D
100 _aMehra, Anil Kumar
245 _aDrones and violent non-state actors: The mankind's quest for violence
260 _bManohar Publishers
_c2025
_aNew Delhi
300 _a71
650 _aAir Warfare
650 _aMilitary Aircraft
650 _aTerrorism-Technological Innovations
650 _aDrone Aircraft-Military Use
942 _cBK
999 _c395476
_d395476